[Event "Madrid-ch 2011-2012 sub-18"]
[Site "Madrid ESP"]
[Date "2012.01.03"]
[Round "7.1"]
[White "Cerrato Torrijos, Maria"]
[Black "Martin Duque, Jesus"]
[Result "0-1"]
[WhiteElo "2069"]
[BlackElo "2174"]
[PlyCount "94"]
[EventDate "2011.12.26"]
[EventType "swiss"]
[EventRounds "7"]
[EventCountry "ESP"]
[Source "lmi"]
[SourceDate "2011.12.26"]

1. e4 e6 2. d4 d5 3. Nd2 Nf6 4. e5 Nfd7 5. c3 c5 6. Bd3 b6 7. Ne2 Ba6 8. Bxa6
Nxa6 9. O-O Nc7 10. Nf4 Be7 11. Qg4 g6 12. Nf3 h5 13. Qh3 Nb8 14. g4 h4 15. Qg2
Nc6 16. g5 Qd7 17. h3 O-O-O 18. Be3 Ne8 19. Qg4 Ng7 20. Nxh4 Nf5 21. Nxf5 gxf5
22. Qg3 Bxg5 23. Kh2 Bxf4 24. Qxf4 Rh5 25. Rg1 Rdh8 26. Rg3 Ne7 27. Rag1 Ng6
28. Qf3 Qb5 29. Bc1 Qa4 30. Qe2 f4 31. Rf3 cxd4 32. b3 d3 33. Qxd3 Qe4 34. Rxg6
fxg6 35. Qxe4 dxe4 36. Rxf4 Rxh3+ 37. Kg2 Rh2+ 38. Kg3 R8h3+ 39. Kg4 Rh4+ 40.
Kg3 R2h3+ 41. Kg2 Rxf4 42. Bxf4 Rxc3 43. Be3 Kd7 44. Kg3 Kc6 45. Kf4 Kd5 46.
Kg5 Kxe5 47. Kxg6 Rc2 0-1

[Event "Madrid-ch 2011-2012 sub-18"]
[Site "Madrid ESP"]
[Date "2012.01.03"]
[Round "7.2"]
[White "Ananian, Arman"]
[Black "Suarez Uriel, Adrian"]
[Result "0-1"]
[WhiteElo "1814"]
[BlackElo "2238"]
[PlyCount "104"]
[EventDate "2011.12.26"]
[EventType "swiss"]
[EventRounds "7"]
[EventCountry "ESP"]
[Source "lmi"]
[SourceDate "2011.12.26"]

1. e4 c5 2. Nf3 Nc6 3. d4 cxd4 4. Nxd4 g6 5. Nc3 Bg7 6. Be3 Nf6 7. Bc4 Qa5 8.
O-O Qb4 9. Bb3 Nxe4 10. Nxe4 Nxd4 11. c3 Ne2+ 12. Qxe2 Qxe4 13. Bc2 Qc6 14. f4
O-O 15. f5 b6 16. fxg6 hxg6 17. Rf4 Bb7 18. Raf1 Bh6 19. Rg4 Bxe3+ 20. Qxe3 Qc5
21. Qxc5 bxc5 22. h4 Kg7 23. h5 e6 24. Rgf4 f5 25. g4 g5 26. R4f2 f4 27. h6+
Kxh6 28. Rh2+ Kg7 29. Rh7+ Kf6 30. Rxd7 Bd5 31. b3 Rf7 32. Rd6 Rh8 33. Bb1 Rh1+
34. Kf2 Rh2+ 35. Ke1 Rb2 36. Bd3 Rxa2 37. c4 Ke5 38. Rd8 Be4 39. Bxe4 Kxe4 40.
Rf2 Rxf2 41. Kxf2 Rb7 42. Rd2 Rxb3 43. Ra2 e5 44. Rd2 f3 45. Rd1 Kf4 46. Kf1 e4
47. Kf2 e3+ 48. Ke1 e2 49. Ra1 Rd3 50. Kf2 Rd1 51. Rxd1 exd1=N+ 52. Kg1 a5 0-1

[Event "Madrid-ch 2011-2012 sub-18"]
[Site "Madrid ESP"]
[Date "2012.01.03"]
[Round "7.3"]
[White "Rios Rebollo, Victor"]
[Black "Madurga Lopez, Ignacio"]
[Result "0-1"]
[WhiteElo "1848"]
[BlackElo "2092"]
[PlyCount "56"]
[EventDate "2011.12.26"]
[EventType "swiss"]
[EventRounds "7"]
[EventCountry "ESP"]
[Source "lmi"]
[SourceDate "2011.12.26"]

1. d4 Nf6 2. c4 c5 3. d5 b5 4. Qc2 g6 5. e4 d6 6. b3 Nxe4 7. Bb2 Nf6 8. cxb5
Bg7 9. Bd3 O-O 10. Nc3 Qa5 11. Nf3 Nxd5 12. Rc1 Nxc3 13. Bxc3 Bxc3+ 14. Qxc3
Qxc3+ 15. Rxc3 Bb7 16. Be2 a6 17. a4 axb5 18. Bxb5 Ba6 19. Bxa6 Rxa6 20. Kd2
Nc6 21. g3 Rb8 22. Kc2 Rab6 23. Re1 Kf8 24. h4 Nb4+ 25. Kd2 Nd5 26. Rd3 Rxb3
27. Ra1 Rb2+ 28. Ke1 Nb4 0-1

[Event "Madrid-ch 2011-2012 sub-18"]
[Site "Madrid ESP"]
[Date "2012.01.03"]
[Round "7.5"]
[White "Pablos Tenrero, Raquel"]
[Black "Morona Minguez, Irene"]
[Result "0-1"]
[WhiteElo "1963"]
[BlackElo "1901"]
[PlyCount "78"]
[EventDate "2011.12.26"]
[EventType "swiss"]
[EventRounds "7"]
[EventCountry "ESP"]
[Source "lmi"]
[SourceDate "2011.12.26"]

1. e4 c5 2. Nf3 d6 3. d4 cxd4 4. Nxd4 Nf6 5. Nc3 e5 6. Nb3 Be6 7. Nd5 Nxe4 8.
g3 Nc6 9. Bg2 Nf6 10. Nxf6+ gxf6 11. Qh5 Qd7 12. O-O Nb4 13. Bh6 Bxh6 14. Qxh6
Qe7 15. Na5 Bd5 16. Bh3 Nxc2 17. Qg7 Rf8 18. Rad1 Nd4 19. Bg2 Bxg2 20. Kxg2 Qe6
21. Rxd4 exd4 22. Nb3 Qe4+ 23. Kg1 Qg6 24. Qxg6 fxg6 25. Nxd4 Kd7 26. Rd1 a6
27. a4 Rac8 28. b3 Rc3 29. Kg2 Re8 30. h4 h5 31. Kf1 Re5 32. Ne2 Rxb3 33. Nf4
Ra5 34. Rd4 g5 35. Nxh5 gxh4 36. Nxf6+ Ke6 37. Ne8 hxg3 38. fxg3 Rxg3 39. Nxd6
Rd5 0-1